Statistics for Countries With the Most NBA Players

Click here to take the quiz!

General Stats

  • This quiz has been taken 16,730 times
    (14,583 since last reset)
  • The average score is 11 of 17

Answer Stats

# Country % Correct
3473United States
100%
32Canada
96%
22France
91%
16Spain
90%
23Germany
89%
11Russia
85%
11United Kingdom
83%
16Brazil
81%
19Australia
76%
12 Argentina
74%
21Serbia
57%
17Croatia
51%
10Nigeria
46%
11Lithuania
43%
10Slovenia
40%
13Bosnia & Herzegovina
34%
10Senegal
10%

Score Distribution

Percentile by Number Answered

Percent of People with Each Score

Your Score History

You have not taken this quiz since the last reset